000
00261nam a22001217a 4500
020
_a
434-49640-5
082
_a
639.95 NAY'A
100
_a
NAYMAN, J
_9
75986
245
_a
ATLES OF WILDLIFE
260
_a
LONDON
_b
HEINEMAMM
_c
1972
300
_a
124P
942
_c
BK
999
_c
581390
_d
581390